La distribución prehistórica e histórica de los pipiles /
Resumen: A través de la interpretación de documentos históricos y evidencias arqueológicas y lingüisticas, se establece la distribución geográfica de los pipiles en Centroamérica (900-1524). En Guatemala, la evidencia sugiere que los pipiles se hallaban en la planicie costera y bocacosta de Escuintl...
Gespeichert in:
| 1. Verfasser: | |
|---|---|
| Format: | Unbekannt |
| Sprache: | Spanish |
| Tags: |
Tag hinzufügen
Keine Tags, Fügen Sie den ersten Tag hinzu!
|
MARC
| LEADER | 000000000a22000000004500 | ||
|---|---|---|---|
| 001 | 010366 | ||
| 041 | 0 | |a spa | |
| 100 | 1 | |a Fowler, Jr., William R. | |
| 245 | 1 | 3 | |a La distribución prehistórica e histórica de los pipiles / |c William R. Fowler, Jr. |
| 520 | |a Resumen: A través de la interpretación de documentos históricos y evidencias arqueológicas y lingüisticas, se establece la distribución geográfica de los pipiles en Centroamérica (900-1524). En Guatemala, la evidencia sugiere que los pipiles se hallaban en la planicie costera y bocacosta de Escuintla, en el valle del Río Motagua, en Baja Verapaz y en la bahía de Amatique. Ocuparon las regiones occidental y central de El Salvador, en donde florencieron algunos centros de importancia en el postclásico temprano. Los inidcios de la presencia pipil en Honduras son vagos: posiblemente estuvieron asentados en la región noroeste, en los valles de Comayagua, Olancho y Aguán y en la Choluteca. | ||
| 773 | 0 | |x 0252-9963 |d Guatemala : CIRMA |t Mesoamérica |g volumen 4, número 6 (1983), páginas 348-372 | |
| 942 | |c ARC | ||
| 999 | |c 17366 |d 17366 | ||
